Engineering fundamentals of Internal combustion Engine (Record no. 610656)

000 -LEADER
fixed length control field 00420nam a22001337a 4500
020 ## - INTERNATIONAL STANDARD BOOK NUMBER
International Standard Book Number 9788178088853
040 ## - CATALOGING SOURCE
Transcribing agency Nust
082 ## - DEWEY DECIMAL CLASSIFICATION NUMBER
Classification number 621.4023
Author Mark PUL
100 ## - MAIN ENTRY--PERSONAL NAME
Personal name Willard W. Pilkrabek
9 (RLIN) 124872
245 ## - TITLE STATEMENT
Title Engineering fundamentals of Internal combustion Engine
260 ## - PUBLICATION, DISTRIBUTION, ETC.
Place of publication, distribution, etc. New Delhi:
Name of publisher, distributor, etc. Pearson education services.
Date of publication, distribution, etc. 2003.
650 ## - SUBJECT ADDED ENTRY--TOPICAL TERM
Topical term or geographic name entry element Engineering fundamentals of Internal combustion Engine
9 (RLIN) 124873
942 ## - ADDED ENTRY ELEMENTS (KOHA)
Source of classification or shelving scheme
Koha item type Book
Holdings
Withdrawn status Lost status Source of classification or shelving scheme Damaged status Not for loan Permanent Location Current Location Shelving location Date acquired Total Checkouts Total Renewals Full call number Barcode Checked out Date last seen Date last checked out Price effective from Koha item type
          College of Electrical & Mechanical Engineering (CEME) College of Electrical & Mechanical Engineering (CEME) General Stacks 07/30/2024 1 1 621.4023 PUL CEME- 39107 01/21/2026 11/18/2025 11/18/2025 07/30/2024 Book
© 2023 Central Library, National University of Sciences and Technology. All Rights Reserved.